Matemática ii : fichas 683 ejercicios /

Guardado en:
Autor Principal: Varela, Leopoldo
Formato: Libro
Publicado: Buenos Aires : Magisterio del Rio de la Plata, 1982
Materias:
Etiquetas: Agregar Etiqueta
Sin Etiquetas, Sea el primero en etiquetar este registro!
LEADER 00508nam a22001695a 4500
001 CEM.cems006440
005 20060214000000.0
008 130507s1982##################000#0#####d
003 CEMS
082 0 4 |a 510 
100 1 |a Varela, Leopoldo 
245 1 0 |a Matemática ii :  |b fichas 683 ejercicios / 
260 |a Buenos Aires :  |b Magisterio del Rio de la Plata,  |c 1982 
300 |a 64 p. 
653 |a Matematica 
653 |a Matematica 2do. año-ejercicios 
859 |a CEMS  |b BIB. CEMS - 11 de abril  |h 510  |i V425-2/II  |p 14861.87  |t Ej.1